000 00501nam a2200145Ia 4500
008 220216s9999 xx 000 0 und d
100 _aMenon P.M.
245 0 _aRubber Board and its activities
260 _bIn: Handbook of natural rubber production in India. (Ed. P.N. Radhakrishna Pillay). Rubber Research Institute of India, Kottayam, India, pp. 537-559.
_c1980
650 _aCess collection
650 _aDevelopment scheme
650 _aRubber Board
700 _aNarayanan P.K.
942 _cBS
999 _c49845
_d49845